| 000 | 00561nam a2200157Ia 4500 | ||
|---|---|---|---|
| 008 | 081213s9999 xx 000 0 und d | ||
| 020 | _c0273655787 | ||
| 050 |
_aTS155 _b.N39 2002 |
||
| 100 | _aNnalor, John | ||
| 245 |
_aIntroduction to operations management _c2nd ed. |
||
| 260 |
_c2002 _aLondon _bPrentice Hall |
||
| 300 |
_ax,575 p. _c24 cm. |
||
| 650 | _aProduction management | ||
| 942 |
_cBK _2lcc |
||
| 999 |
_c24791 _d24791 |
||